[Event "AUTO-ADV-782"]
[Site "http://www.queenalice.com/game.php?id=343773"]
[Date "2008.1.27"]
[Round "1"]
[White "DanGurgui"]
[Black "PudVein"]
[Result "1/2-1/2"]
[WhiteElo "1983"]
[BlackElo "1860"]

1. d4 Nf6 2. c4 d5 3. Nf3 g6 4. e3 Bg7 5. g3 O-O 6. c5 c6 7. Bg2 Bg4 8. O-O Qc8
9. Qd3 Bh3 10. Bxh3 Qxh3 11. Nbd2 Nbd7 12. e4 dxe4 13. Nxe4 Nxe4 14. Qxe4 e6 15.
Ng5 Nf6 16. Qd3 Qh5 17. f3 h6 18. Ne4 Rad8 19. Be3 Nd5 20. Nd6 Rd7 21. g4 Qh4
22. Qe4 Qe7 23. Rfe1 b6 24. Re2 Kh7 25. f4 f5 26. Qf3 fxg4 27. Qg3 Nxe3 28. Qxe3
bxc5 29. dxc5 h5 30. Rd1 Bh6 31. Qxe6 Qxe6 32. Rxe6 Rxf4 33. Rde1 Bg5 34. Ne4
Kh6 35. Nxg5 Kxg5 36. Rxc6 Rc4 37. a3 a5 38. b3 Rc3 39. b4 Rxa3 40. b5 Rb3 41.
b6 Rb7 42. Ra1 Rb5 43. Rc7 Rb8 44. Ra4 Rb1+ 45. Kg2 Rb2+ 46. Kg1 Rb1+ 47. Kf2
Rb2+ 48. Kg1 Rb1+ 49. Kf2 Rb2+ 50. Kg1 1/2-1/2

[Event "AUTO-ADV-782"]
[Site "http://www.queenalice.com/game.php?id=343774"]
[Date "2008.1.27"]
[Round "1"]
[White "PudVein"]
[Black "DanGurgui"]
[Result "1-0"]
[WhiteElo "1856"]
[BlackElo "2004"]

1. c4 Nf6 2. g3 g6 3. Bg2 Bg7 4. Nf3 O-O 5. O-O d6 6. Nc3 Nc6 7. Rb1 e5 8. a3
Be6 9. d3 Nd4 10. Nxd4 exd4 11. Nb5 c6 12. Nxd4 Qd7 13. Nxe6 fxe6 14. Bd2 a5 15.
b4 axb4 16. axb4 d5 17. cxd5 exd5 18. Bf4 Rfe8 19. Re1 b5 20. Qc2 Nh5 21. Be3
Ra3 22. Rec1 Rc3 23. Qd2 Ra3 24. Bc5 Bf6 25. Bf3 Ng7 26. d4 Ne6 27. Qb2 Ra4 28.
e3 Ng5 29. Bg2 Qf5 30. Qc2 Qxc2 31. Rxc2 Ra6 32. h4 Nf7 33. Rbb2 Ra1+ 34. Kh2 h5
35. Ra2 Ra8 36. Rxa1 Rxa1 37. Bb6 Rb1 38. Rxc6 Rxb4 39. Rxf6 1-0

[Event "AUTO-ADV-782"]
[Site "http://www.queenalice.com/game.php?id=343775"]
[Date "2008.1.27"]
[Round "1"]
[White "DanGurgui"]
[Black "InsaneCannibalElf"]
[Result "1-0"]
[WhiteElo "1995"]
[BlackElo "1791"]

1. d4 f5 2. Nf3 Nf6 3. g3 b6 4. Bg2 Ba6 5. Nc3 e6 6. Bg5 Be7 7. O-O d5 8. Ne5
Ng4 9. Bxe7 Qxe7 10. Nxg4 fxg4 11. Re1 O-O 12. e4 Bc4 13. exd5 Qd6 14. dxe6 c6
15. Qxg4 Re8 16. d5 Bxd5 17. Rad1 a5 18. e7 Qc5 19. Nxd5 cxd5 20. Bxd5+ Kh8 21.
Bxa8 1-0

[Event "AUTO-ADV-782"]
[Site "http://www.queenalice.com/game.php?id=343776"]
[Date "2008.1.27"]
[Round "1"]
[White "InsaneCannibalElf"]
[Black "DanGurgui"]
[Result "0-1"]
[WhiteElo "1775"]
[BlackElo "1969"]

1. f4 d5 2. Nf3 c5 3. b3 Bg4 4. e3 Nf6 5. Bd3 Ne4 6. O-O Nc6 7. Bb2 f5 8. c4 e6
9. cxd5 exd5 10. Be2 d4 11. d3 Nf6 12. a3 dxe3 13. Ne5 Qc8 14. Bxg4 Nxg4 15.
Nxg4 fxg4 16. Qe2 Qe6 17. f5 Qxb3 18. Qxe3+ Kd7 19. Bc3 Re8 20. Qf4 h5 21. f6
gxf6 22. Qf5+ Qe6 23. Bxf6 Qxf5 24. Rxf5 Ke6 25. Re5+ Nxe5 26. Bxh8 Bh6 27. Nc3
Rxh8 0-1

[Event "AUTO-OPEN-987"]
[Site "http://www.queenalice.com/game.php?id=412273"]
[Date "2008.6.3"]
[Round "2"]
[White "DanGurgui"]
[Black "QuickQuickSlow"]
[Result "1-0"]
[WhiteElo "1956"]
[BlackElo "1862"]

1. e4 c5 2. Nf3 d6 3. d4 cxd4 4. Nxd4 Nf6 5. Nc3 a6 6. Bd3 e5 7. Nf3 Be7 8. O-O
O-O 9. Re1 Nc6 10. Be3 Be6 11. a3 1-0

[Event "AUTO-OPEN-987"]
[Site "http://www.queenalice.com/game.php?id=412274"]
[Date "2008.6.3"]
[Round "2"]
[White "QuickQuickSlow"]
[Black "DanGurgui"]
[Result "0-1"]
[WhiteElo "1875"]
[BlackElo "1943"]

1. e4 e5 2. Nf3 f5 3. Nxe5 Nf6 4. exf5 Qe7 5. Qe2 d6 6. Nc4 Bxf5 7. Qxe7+ Bxe7
8. Ne3 Bg6 9. Bc4 Nc6 10. O-O O-O-O 0-1

[Event "AUTO-OPEN-987"]
[Site "http://www.queenalice.com/game.php?id=436790"]
[Date "2008.7.21"]
[Round "3"]
[White "DanGurgui"]
[Black "adilson_camargo"]
[Result "1-0"]
[WhiteElo "1968"]
[BlackElo "1830"]

1. e4 e5 2. f4 exf4 3. Nf3 h6 4. d4 d6 5. Bxf4 Bg4 6. Be2 Nf6 7. Nbd2 Be7 8. O-O
Bxf3 9. Bxf3 Nc6 10. c3 O-O 11. Nc4 d5 12. exd5 Nxd5 13. Bg3 b5 14. Ne5 Nxe5 15.
Bxe5 Ne3 16. Qd3 Nxf1 17. Bxa8 Nxh2 18. Kxh2 Qxa8 19. Bxc7 a6 20. d5 Rc8 21. d6
Bf6 22. Re1 g6 23. Qe3 Kg7 24. Qc5 Bd8 25. Qe5+ Kh7 26. Rf1 Bxc7 27. Rxf7+ 1-0

[Event "AUTO-OPEN-987"]
[Site "http://www.queenalice.com/game.php?id=436791"]
[Date "2008.7.21"]
[Round "3"]
[White "adilson_camargo"]
[Black "DanGurgui"]
[Result "1-0"]
[WhiteElo "1820"]
[BlackElo "1978"]

1. d4 d5 2. c4 c6 3. Nc3 e6 4. e3 Nf6 5. Bd3 Bd6 6. Nf3 dxc4 7. Bxc4 Nd5 8. e4
Nxc3 9. bxc3 O-O 10. e5 Be7 11. Qc2 b5 12. Bd3 a5 13. Bxh7+ Kh8 14. Be4 g6 15.
O-O Kg7 16. Qd2 Rh8 17. h3 Bb7 18. Nh2 f5 19. exf6+ Bxf6 20. Ng4 Nd7 21. Nxf6
Qxf6 22. Qg5 Qxg5 23. Bxg5 Rh5 24. h4 Nf6 25. Bf3 Rhh8 26. Rfe1 Rae8 27. Rab1
Nd5 28. c4 Nc7 29. Re5 Rhf8 30. cxb5 Nxb5 31. Rbxb5 cxb5 32. Bxb7 1-0

[Event "AUTO-OPEN-987"]
[Site "http://www.queenalice.com/game.php?id=436792"]
[Date "2008.7.21"]
[Round "3"]
[White "DanGurgui"]
[Black "kingg"]
[Result "1-0"]
[WhiteElo "1932"]
[BlackElo "1582"]

1. e4 e5 2. f4 exf4 3. Nf3 Nf6 4. d3 Bc5 5. Bxf4 d6 6. h3 Nh5 7. Bh2 O-O 8. Nc3
Na6 9. d4 Bb4 10. Qd2 Qe7 11. O-O-O Be6 12. d5 Bd7 13. a3 Bxc3 14. Qxc3 Nc5 15.
Be2 Qxe4 16. Rhe1 Nf4 17. Bxf4 Qxf4+ 18. Kb1 c6 19. dxc6 Bxc6 20. Nd4 Bxg2 21.
Rg1 Ne4 22. Qb4 Bxh3 23. Bd3 a5 24. Qxb7 Nc5 25. Qh1 Qxd4 26. Bxh7+ Kxh7 27.
Rxd4 Rfd8 28. Qxh3+ Kg8 29. Rh4 f6 30. Qg4 Rab8 31. Qxg7# 1-0

[Event "AUTO-OPEN-987"]
[Site "http://www.queenalice.com/game.php?id=436793"]
[Date "2008.7.21"]
[Round "3"]
[White "kingg"]
[Black "DanGurgui"]
[Result "0-1"]
[WhiteElo "1580"]
[BlackElo "1934"]

1. e4 e5 2. Nf3 f5 3. exf5 e4 4. Qe2 d5 5. Ne5 Nf6 6. Qb5+ c6 7. Qb3 Qd6 8. d4
b6 9. Bf4 Bxf5 10. Nc3 Nbd7 11. Ng6 Qe6 12. Nxh8 Nh5 13. Bg5 h6 14. Be2 Ndf6 15.
Bxf6 Qxf6 16. Bxh5+ g6 17. Nxd5 cxd5 18. Qb5+ Ke7 19. Qxd5 Rd8 20. Qe5+ Qxe5 21.
dxe5 gxh5 22. O-O Bg7 23. g4 hxg4 24. f3 gxf3 25. Nf7 Kxf7 26. Rad1 Rxd1 27.
Rxd1 Bxe5 28. b4 Bg4 29. Re1 Bd4+ 30. Kf1 Bh3# 0-1

[Event "AUTO-ADV-782"]
[Site "http://www.queenalice.com/game.php?id=438746"]
[Date "2008.7.25"]
[Round "2"]
[White "DanGurgui"]
[Black "leeroy"]
[Result "1/2-1/2"]
[WhiteElo "1928"]
[BlackElo "1970"]

1. e4 c5 2. Nf3 e6 3. Bc4 Nc6 4. O-O Bd6 5. Re1 Ne5 6. Nxe5 Bxe5 7. d3 Qc7 8. g3
Nh6 9. Bxh6 gxh6 10. c3 a6 11. f4 Bg7 12. Nd2 d6 13. Qg4 Rg8 14. Qh5 Bd7 15. Nf3
Rf8 16. Bb3 O-O-O 17. Nh4 b5 18. a4 c4 19. dxc4 bxc4 20. Bc2 e5 21. fxe5 dxe5
22. Nf5 Bxf5 23. Qxf5+ Kb8 24. Qxh7 f6 25. Qf5 Rf7 26. Red1 Rc8 27. Rd5 Rd8 28.
Rad1 Rxd5 29. Rxd5 Re7 30. Qf2 Re6 31. Qf5 Qb6+ 32. Kf1 Kc7 33. b4 cxb3 34. Bxb3
Re7 35. Ba2 Qe3 36. Qf2 Qxf2+ 37. Kxf2 Kb6 38. g4 Rc7 39. c4 Bf8 40. a5+ Kb7 41.
h4 Bb4 42. Ke3 Kc8 43. g5 hxg5 44. hxg5 fxg5 45. Rxe5 Rg7 46. Kf3 g4+ 47. Kg2 g3
48. Rf5 Kb7 49. e5 Bc5 50. e6 Kc6 51. Rf6 Kd6 52. Rf7 Rxf7 53. exf7 Ke7 54. Kxg3
Kxf7 55. Bb1 Ke7 56. Be4 Bb4 57. Bb7 1/2-1/2

[Event "AUTO-ADV-782"]
[Site "http://www.queenalice.com/game.php?id=438747"]
[Date "2008.7.25"]
[Round "2"]
[White "leeroy"]
[Black "DanGurgui"]
[Result "1-0"]
[WhiteElo "1963"]
[BlackElo "1947"]

1. e4 e5 2. Nf3 f5 3. exf5 e4 4. Nd4 Nf6 5. d3 d5 6. Bg5 c5 7. Ne6 Bxe6 8. fxe6
Qb6 9. Bxf6 gxf6 10. Qh5+ Kd8 11. Qxd5+ Bd6 12. Nd2 exd3 13. Bxd3 Qc6 14. Be4
Qxd5 15. Bxd5 Nc6 16. c3 Bf4 17. Ne4 Be5 18. Nxc5 Kc7 19. O-O-O Rad8 20. Nd7
Rde8 21. Nxe5 fxe5 22. Rhe1 Nd8 23. Rxe5 Nf7 24. Re3 Nd6 25. g4 Re7 26. f4 Rg8
27. h3 Ne8 28. f5 Nf6 29. Bf3 h6 30. Rg1 Rgg7 31. h4 b6 32. Rg2 a5 33. g5 hxg5
34. hxg5 Nh7 35. f6 1-0

[Event "AUTO-ADV-782"]
[Site "http://www.queenalice.com/game.php?id=438748"]
[Date "2008.7.25"]
[Round "2"]
[White "DanGurgui"]
[Black "BruceA"]
[Result "0-1"]
[WhiteElo "1936"]
[BlackElo "2146"]

1. e4 c5 2. Nf3 g6 3. Bc4 Bg7 4. O-O Nc6 5. d4 cxd4 6. Nxd4 Nxd4 7. c3 Nc6 8.
Qf3 Ne5 9. Qe2 Nxc4 10. Qxc4 Nf6 11. e5 d5 12. Qb5+ Qd7 13. Qxd7+ Nxd7 14. f4 g5
15. g3 gxf4 16. gxf4 Nc5 17. Na3 Rg8 18. Nb5 Bxe5+ 19. Kh1 Bf5 20. h4 Be4+ 21.
Kh2 Rg2+ 22. Kh3 Bb8 23. Be3 Nd3 24. b3 Re2 25. Bc1 Bg2+ 0-1

[Event "AUTO-ADV-782"]
[Site "http://www.queenalice.com/game.php?id=438749"]
[Date "2008.7.25"]
[Round "2"]
[White "BruceA"]
[Black "DanGurgui"]
[Result "1-0"]
[WhiteElo "2139"]
[BlackElo "1956"]

1. e4 e5 2. Nf3 f5 3. Nxe5 Nf6 4. Bc4 d5 5. exd5 Bd6 6. d4 O-O 7. O-O a6 8. Re1
Nbd7 9. Nc3 Nb6 10. Bb3 Nbd7 11. Qf3 Nxe5 12. dxe5 Re8 13. Bf4 Bc5 14. exf6 Qxf6
15. Rxe8+ Bf8 16. d6+ Kh8 17. Be5 1-0

[Event "WPawnTrophy 1/09"]
[Site "http://www.queenalice.com/game.php?id=537972"]
[Date "2009.2.10"]
[Round "1"]
[White "cioini"]
[Black "DanGurgui"]
[Result "0-1"]
[WhiteElo "1503"]
[BlackElo "1930"]

1. e4 e5 2. g3 Nf6 3. d3 Bc5 4. Bg5 h6 5. Bxf6 Qxf6 6. f3 Nc6 7. c3 O-O 8. Nd2
Ne7 9. Nb3 Bb6 10. d4 exd4 11. Nxd4 Re8 12. Bh3 Nc6 13. Nxc6 bxc6 14. Qd2 Bxg1
15. Rxg1 Qxf3 16. Bg2 Rxe4+ 0-1

[Event "WPawnTrophy 1/09"]
[Site "http://www.queenalice.com/game.php?id=544849"]
[Date "2009.2.22"]
[Round "2"]
[White "wilfried"]
[Black "DanGurgui"]
[Result "1-0"]
[WhiteElo "2071"]
[BlackElo "1932"]

1. d4 d5 2. c4 c6 3. Nc3 dxc4 4. Nf3 Nf6 5. a4 Qa5 6. Bd2 Qb6 7. e4 Qxb2 8. Rb1
Qa3 9. Bxc4 e6 10. e5 Nd5 11. Ne4 Nd7 12. Bc1 Qe7 13. Nd6+ Kd8 14. Ng5 Kc7 15.
Ngxf7 Nc3 16. Qb3 Nxb1 17. Bg5 Nf6 18. exf6 gxf6 19. Bxf6 Nd2 20. Qg3 Qd7 21.
Bd8+ Kb8 22. Nb5+ Bd6 23. Nfxd6 b6 24. Bc7+ Qxc7 25. Nxc7 Kxc7 26. Nb5+ 1-0

[Event "WPawnTrophy 2/09"]
[Site "http://www.queenalice.com/game.php?id=552144"]
[Date "2009.3.7"]
[Round "1"]
[White "DanGurgui"]
[Black "QueenFanny"]
[Result "0-1"]
[WhiteElo "1922"]
[BlackElo "1944"]

1. d4 d5 2. Nf3 c6 3. e3 Nf6 4. Bd3 Bg4 5. O-O e6 6. Nbd2 Bd6 7. h3 Bh5 8. c3
Nbd7 9. Qb3 Qc7 10. c4 dxc4 11. Bxc4 Nb6 12. Be2 Nfd5 13. Qc2 O-O-O 14. a3 f6
15. Ne4 g5 16. Nexg5 fxg5 17. Nxg5 Bxe2 18. Qxe2 Qe7 19. Qh5 Rdf8 20. Qg4 Rf6
21. e4 Rg6 22. exd5 h6 23. dxc6 hxg5 24. cxb7+ Qxb7 25. Bxg5 Be7 26. Rfc1+ Kd7
27. h4 Bxg5 28. hxg5 Qb8 29. f4 Nd5 30. g3 Qxb2 31. Qf3 Qxd4+ 32. Kg2 Ne3+ 33.
Kg1 Ng4+ 0-1

[Event "Challenge"]
[Site "http://www.queenalice.com/game.php?id=565667"]
[Date "2009.4.2"]
[Round "-"]
[White "DanGurgui"]
[Black "nightw0lf"]
[Result "0-1"]
[WhiteElo "1909"]
[BlackElo "1965"]

1. e4 c5 2. Nf3 d6 3. d4 cxd4 4. Nxd4 Nf6 5. Nc3 a6 6. Bd3 e5 7. Nf3 Be7 8. O-O
O-O 9. Be3 Be6 10. Na4 Nbd7 11. c4 Rc8 12. b3 h6 13. h3 Qc7 14. Nc3 Nc5 15. Bxc5
dxc5 16. Nd5 Bxd5 17. cxd5 Bd6 18. Qe2 b5 19. Rfc1 g6 20. Nd2 Kg7 21. f3 Nh5 22.
Qf1 Nf4 23. Be2 Qa5 24. Rc2 Qb6 25. a4 c4+ 26. Kh1 cxb3 27. Rxc8 Rxc8 28. Nxb3
Nxe2 29. Qxe2 bxa4 30. Nc1 Qb5 31. Qxb5 axb5 32. Nd3 Rc3 33. Nf2 a3 34. Nd1 Rd3
35. Nf2 Rd2 36. Nd1 b4 37. Ne3 b3 38. Nc4 b2 39. Rb1 a2 0-1

[Event "WPawnTrophy 2/09"]
[Site "http://www.queenalice.com/game.php?id=576124"]
[Date "2009.4.22"]
[Round "3"]
[White "DanGurgui"]
[Black "xerxe"]
[Result "0-1"]
[WhiteElo "1888"]
[BlackElo "1865"]

1. e4 e5 2. f4 exf4 3. Nf3 g5 4. h3 d5 5. e5 c5 6. d4 Nc6 7. Bb5 Bd7 8. c3 a6 9.
Ba4 b5 10. Bc2 f6 11. O-O Qc7 12. exf6 Nxf6 13. Nxg5 O-O-O 14. Nf7 Rg8 15. Nxd8
Bxh3 16. Rf2 Qxd8 17. Bxf4 Nh5 18. Qxh5 Qd7 19. Nd2 cxd4 20. Nb3 dxc3 21. Nc5
Bxc5 22. Bg3 Rxg3 23. Bxh7 Bxf2+ 24. Kxf2 Rxg2+ 25. Ke3 Qe6+ 26. Kd3 Qe2+ 27.
Qxe2 Rxe2 28. Kxe2 cxb2 29. Rb1 Kd7 30. Rxb2 Ke6 31. Bg8+ Ke5 32. Kf3 d4 33. Rc2
Nb4 34. Re2+ Kd6 35. a3 Nd5 36. Rd2 Ke5 37. Kg3 Bf1 38. Bxd5 Kxd5 39. Rf2 Bc4
40. Rf6 d3 41. Rf1 Ke4 42. Re1+ Kd4 43. Kf3 Kc3 44. Ke3 Bb3 45. Rc1+ Bc2 46. a4
d2 0-1

[Event "Challenge"]
[Site "http://www.queenalice.com/game.php?id=595936"]
[Date "2009.5.30"]
[Round "-"]
[White "DanGurgui"]
[Black "benjobench"]
[Result "0-1"]
[WhiteElo "1895"]
[BlackElo "1920"]

1. e4 c6 2. Nf3 a6 3. d4 d5 4. exd5 cxd5 5. Nc3 Bf5 6. Be2 e6 7. O-O Bd6 8. Re1
Ne7 9. Ne5 Nbc6 10. Bf4 Qc7 11. Bf3 Nxe5 12. dxe5 Bc5 13. Bg5 Rc8 14. Na4 Ba7
15. Nc3 b5 16. a3 Bxc2 17. Qxc2 d4 18. Bxe7 Kxe7 19. Nd5+ exd5 20. Qxc7+ Rxc7
21. Bxd5 Rc2 22. Rac1 Rhc8 23. Rxc2 Rxc2 24. b3 d3 25. Kf1 Rxf2+ 26. Kg1 Rc2+
27. Kf1 d2 28. Rd1 Be3 29. g3 Rc5 30. Bf3 Rxe5 31. Bb7 a5 32. Kg2 h5 33. h3 Kd6
34. Kf3 Kc5 35. Be4 Kd4 36. Bb7 Kc3 0-1

[Event "WPawnTrophy 1/09"]
[Site "http://www.queenalice.com/game.php?id=598859"]
[Date "2009.6.5"]
[Round "3"]
[White "DanGurgui"]
[Black "CampbellMarcel"]
[Result "1-0"]
[WhiteElo "1880"]
[BlackElo "1689"]

1. e4 d5 2. exd5 Nf6 3. Nc3 e6 4. dxe6 Bxe6 5. d3 Bb4 6. Bd2 Qe7 7. Be2 Ng4 8.
f3 Ne5 9. a3 Bxc3 10. Bxc3 f6 11. d4 Ng6 12. Qd3 O-O 13. O-O-O Nf4 14. Qe4 Nxe2+
15. Nxe2 c6 16. Bb4 Qd7 17. Bxf8 Kxf8 18. Qxh7 Na6 19. Nf4 Bf5 20. Qh8+ Kf7 21.
Qxa8 1-0

[Event "WPawnTrophy 1/09"]
[Site "http://www.queenalice.com/game.php?id=646670"]
[Date "2009.9.3"]
[Round "4"]
[White "DanGurgui"]
[Black "jajaf1959"]
[Result "0-1"]
[WhiteElo "1871"]
[BlackElo "1790"]

1. e4 c5 2. Nf3 Nc6 3. Bb5 d6 4. Bxc6+ bxc6 5. O-O Bg4 6. d3 Nf6 7. Bg5 e5 8.
Nbd2 Be7 9. c4 O-O 10. Qa4 Qc8 11. h3 Bd7 12. Rfe1 h6 13. Bh4 Bxh3 14. gxh3 Qxh3
15. Bg3 Ng4 16. Qd1 f5 17. b3 fxe4 18. Rxe4 Rf7 19. Qf1 Qh5 20. Qg2 Nf6 21. Rh4
Qg6 22. Nf1 Qxd3 23. Bxe5 dxe5 24. Nxe5 Qc3 0-1